Vấn đề tiếp nhận văn học nước ngoài ở trường trung học phổ thông : Luận văn thạc sĩ. Chuyên ngành Lí luận và Phương pháp dạy học Bộ môn Văn-Tiếng Việt

Nội dung nghiên cứu về đề tài vấn đề tiếp nhận văn học nước ngoài của HS ở trường trung học phổ thông qua việc giảng dạy của GV. Vận dụng lí thuyết tiếp nhận để đề xuất hướng tiếp cận tác phẩm VHNN khi GVhướng dẫn học sinh và ti...

ver descrição completa

Na minha lista:
Detalhes bibliográficos
Autor principal: Trịnh, Thị Hương
Formato: Livro
Idioma:Undetermined
Publicado em: Cần Thơ Trương Đại học Cần Tho 2007
Assuntos:
Tags: Adicionar Tag
Sem tags, seja o primeiro a adicionar uma tag!
Thư viện lưu trữ: Trung tâm Học liệu Trường Đại học Cần Thơ
LEADER 01360nam a2200229Ia 4500
001 CTU_135809
008 210402s9999 xx 000 0 und d
082 |a 807 
082 |b H561 
088 |a 60140111 
100 |a Trịnh, Thị Hương 
245 0 |a Vấn đề tiếp nhận văn học nước ngoài ở trường trung học phổ thông : 
245 0 |b Luận văn thạc sĩ. Chuyên ngành Lí luận và Phương pháp dạy học Bộ môn Văn-Tiếng Việt 
245 0 |c Trịnh Thị Hương ; Lê Ngọc Thuý (Giáo viên hướng dẫn) 
260 |a Cần Thơ 
260 |b Trương Đại học Cần Tho 
260 |c 2007 
520 |a Nội dung nghiên cứu về đề tài vấn đề tiếp nhận văn học nước ngoài của HS ở trường trung học phổ thông qua việc giảng dạy của GV. Vận dụng lí thuyết tiếp nhận để đề xuất hướng tiếp cận tác phẩm VHNN khi GVhướng dẫn học sinh và tìm hiểu tác phẩm. 
650 |a Literature,Văn học 
650 |x Study and teaching ( secondary ),Học và giảng dạy (Trung học Phổ thông) 
904 |i Tuyến 
980 |a Trung tâm Học liệu Trường Đại học Cần Thơ